| 000 | 00671nam a2200253Ia 4500 | ||
|---|---|---|---|
| 008 | 170712s9999 xx 000 0 und d | ||
| 020 | _a9789712719400 | ||
| 050 | _a650 | ||
| 050 | _bK196 2008 | ||
| 100 | _aKatigbak, Ramon K. | ||
| 245 | _aBecoming a guru : | ||
| 245 | _ban introduction to advanced research / | ||
| 245 | _cby Ramon K. Katigbak ; foreword by Cesar E. A. Virata. | ||
| 260 | _aPhilippines : | ||
| 260 | _bAnvil, | ||
| 260 | _c2008 | ||
| 300 | _a199 pages : | ||
| 300 | _billustrations ; | ||
| 300 | _c22cm. | ||
| 650 | _aManagement -- | ||
| 650 | _aVirata, Cesar E. A. | ||
| 650 | _xResearch -- Methodologies. | ||
| 650 | _xTitle. | ||
| 999 |
_c340396 _d340396 |
||